[Event "Paris ch 2005"]
[Site "Paris FRA"]
[Date "2005.07.16"]
[Round "8.19"]
[White "Chabanon, Jean-Luc"]
[Black "Mingachev, Mansur"]
[Result "1/2-1/2"]
[WhiteElo "2426"]
[BlackElo "2337"]
[PlyCount "138"]
[EventDate "2005.07.09"]
[EventType "swiss"]
[EventRounds "9"]
[EventCountry "FRA"]
[Source "lmi"]
[SourceDate "2005.07.17"]

1. d4 d5 2. c4 dxc4 3. Nf3 Nf6 4. e3 e6 5. Bxc4 c5 6. O-O a6 7. Nbd2 Nc6 8.
dxc5 Bxc5 9. Nb3 Qxd1 10. Rxd1 Ba7 11. Bd2 O-O 12. Rac1 e5 13. Na5 Nxa5 14.
Bxa5 Bg4 15. h3 Bxf3 16. gxf3 Rac8 17. Bb4 Rfe8 18. a4 g6 19. Kf1 Kg7 20. Bb3
Bb8 21. Ke2 h5 22. Rxc8 Rxc8 23. Rd2 h4 24. Rd3 g5 25. Rd1 Re8 26. Rg1 Kg6 27.
Bc2+ Kh6 28. Bb3 Kg6 29. Rc1 Kg7 30. Rc4 Rd8 31. Bc2 Bd6 32. Ba5 Rb8 33. Bf5
Nd5 34. Be4 Nf6 35. Bd3 Nd5 36. Bd2 Kf6 37. b3 Ke6 38. a5 f5 39. Bxf5+ Kxf5 40.
e4+ Ke6 41. exd5+ Kxd5 42. Bxg5 b6 43. Ra4 Ke6 44. axb6 Rxb6 45. Bxh4 Kf5 46.
Bg3 Bb4 47. Kd3 a5 48. Ra2 Rd6+ 49. Ke2 Rc6 50. Bh4 Rc1 51. Bg3 Rb1 52. h4 Rxb3
53. Ra1 Bc3 54. Ra4 Bb4 55. Ra1 Bc3 56. Ra2 Rb1 57. Kd3 Bb4 58. Re2 Bd6 59. Re4
Ra1 60. h5 Rh1 61. Bh4 Bf8 62. Kc2 Rh3 63. Bg3 Bd6 64. Rc4 Rxh5 65. Rc6 Bb4 66.
Rb6 Rh8 67. Kb3 Rc8 68. Rb5 Rc3+ 69. Kb2 Rc5 1/2-1/2

[Event "Paris ch 2005"]
[Site "Paris FRA"]
[Date "2005.07.16"]
[Round "8.20"]
[White "Philippe, Christophe"]
[Black "Paredes Galan, Angel"]
[Result "0-1"]
[WhiteElo "2411"]
[BlackElo "2334"]
[PlyCount "66"]
[EventDate "2005.07.09"]
[EventType "swiss"]
[EventRounds "9"]
[EventCountry "FRA"]
[Source "lmi"]
[SourceDate "2005.07.17"]

1. e4 e6 2. d4 d5 3. Nc3 Nf6 4. Bg5 Be7 5. e5 Nfd7 6. h4 c5 7. Bxe7 Qxe7 8. f4
Nc6 9. Nf3 f6 10. Bd3 a6 11. dxc5 Qxc5 12. Qe2 Qb4 13. exf6 Nxf6 14. O-O-O
Qxf4+ 15. Kb1 O-O 16. Rdf1 Qd6 17. g4 Bd7 18. h5 b5 19. g5 Ng4 20. Rfg1 e5 21.
Nh4 Rf4 22. Nf5 Bxf5 23. Bxf5 Nd4 24. Qd2 Nxf5 25. Qxd5+ Qxd5 26. Nxd5 Rd4 27.
Nc7 Rc8 28. Nxa6 Nge3 29. c3 Rd2 30. Rc1 Rcd8 31. b3 Rf2 32. Nb4 Rdd2 33. g6
Nd5 0-1

[Event "Paris ch 2005"]
[Site "Paris FRA"]
[Date "2005.07.16"]
[Round "8.21"]
[White "Shirazi, Kamran"]
[Black "Amigues, Emmanuel"]
[Result "1-0"]
[WhiteElo "2410"]
[BlackElo "2317"]
[PlyCount "121"]
[EventDate "2005.07.09"]
[EventType "swiss"]
[EventRounds "9"]
[EventCountry "FRA"]
[Source "lmi"]
[SourceDate "2005.07.17"]

1. e4 e6 2. d4 c5 3. d5 exd5 4. exd5 d6 5. Bb5+ Bd7 6. Be2 Be7 7. Nc3 Na6 8.
Nf3 Nc7 9. a4 Nf6 10. O-O O-O 11. Re1 Re8 12. h3 a6 13. a5 Nb5 14. Bd2 Nxc3 15.
Bxc3 Ne4 16. Bd2 Nxd2 17. Nxd2 Bf6 18. c3 Be5 19. Bg4 Bb5 20. Qb3 Rb8 21. Nf3
Bf4 22. Rxe8+ Bxe8 23. g3 Bh6 24. Qb6 g6 25. h4 Bb5 26. Re1 Bc4 27. Ng5 Bxg5
28. hxg5 Qxg5 29. Bf3 Bxd5 30. Qxd6 Rd8 31. Qxc5 Qf5 32. Bg2 Qd3 33. Bxd5 Rxd5
34. Qc8+ Kg7 35. Qxb7 Rxa5 36. Qe7 Rb5 37. Qe2 Qd7 38. c4 Rh5 39. Qf3 Qd2 40.
Qe2 Qh6 41. Qe4 Qd2 42. b3 a5 43. Qe3 Qd7 44. Qf3 Qd4 45. Kg2 Rf5 46. Qe3 Qd6
47. Qc3+ Qf6 48. Qxf6+ Kxf6 49. f4 Rc5 50. Re4 h5 51. Kf3 Kf5 52. Re7 f6 53.
Ra7 g5 54. Ra8 gxf4 55. gxf4 h4 56. Rh8 Rc7 57. Rh5+ Ke6 58. Rxa5 Rb7 59. Rb5
Rg7 60. Ke4 h3 61. Rb6+ 1-0

[Event "Paris ch 2005"]
[Site "Paris FRA"]
[Date "2005.07.16"]
[Round "8.22"]
[White "Calistri, Tristan"]
[Black "Glicenstein, Asher"]
[Result "1-0"]
[WhiteElo "2389"]
[BlackElo "2301"]
[PlyCount "69"]
[EventDate "2005.07.09"]
[EventType "swiss"]
[EventRounds "9"]
[EventCountry "FRA"]
[Source "lmi"]
[SourceDate "2005.07.17"]

1. e4 c5 2. Nf3 Nc6 3. d4 cxd4 4. Nxd4 e5 5. Nb5 d6 6. c4 Be7 7. N1c3 a6 8. Na3
Nf6 9. Be2 Be6 10. Nc2 O-O 11. O-O Rc8 12. b3 b5 13. cxb5 axb5 14. Qd3 Qd7 15.
Nd5 Nxd5 16. exd5 Bf5 17. dxc6 Rxc6 18. Qxb5 Bxc2 19. Bc4 Qc7 20. Be3 Be4 21.
Bd5 Bxd5 22. Qxd5 Rc3 23. Rfc1 Rc8 24. g3 Qb8 25. Rxc3 Rxc3 26. Rc1 Rxc1+ 27.
Bxc1 h6 28. Be3 Qb4 29. a4 Bd8 30. Bd2 Qb8 31. a5 Qa7 32. b4 Bc7 33. Qc6 Qd4
34. Be3 Qd1+ 35. Kg2 1-0

[Event "Paris ch 2005"]
[Site "Paris FRA"]
[Date "2005.07.16"]
[Round "8.23"]
[White "Roos, Jean-Luc"]
[Black "Zaragatski, Ilja"]
[Result "1/2-1/2"]
[WhiteElo "2285"]
[BlackElo "2389"]
[PlyCount "42"]
[EventDate "2005.07.09"]
[EventType "swiss"]
[EventRounds "9"]
[EventCountry "FRA"]
[Source "lmi"]
[SourceDate "2005.07.17"]

1. d4 d5 2. c4 Nc6 3. e3 dxc4 4. Bxc4 e5 5. Nf3 Bb4+ 6. Nc3 exd4 7. exd4 Nf6 8.
O-O O-O 9. a3 Bd6 10. h3 h6 11. Re1 Ne7 12. Ne5 Be6 13. Bxe6 fxe6 14. Qe2 Re8
15. Bf4 Ned5 16. Bh2 Qe7 17. Rac1 Rad8 18. Bg3 Bxe5 19. Bxe5 c6 20. Red1 Nd7
21. Bg3 N7f6 1/2-1/2

[Event "Paris ch 2005"]
[Site "Paris FRA"]
[Date "2005.07.16"]
[Round "8.24"]
[White "Garcia Castro, Pablo"]
[Black "Blazkova, Petra"]
[Result "1-0"]
[WhiteElo "2377"]
[BlackElo "2276"]
[PlyCount "107"]
[EventDate "2005.07.09"]
[EventType "swiss"]
[EventRounds "9"]
[EventCountry "FRA"]
[Source "lmi"]
[SourceDate "2005.07.17"]

1. g3 e5 2. Bg2 d6 3. e4 Nc6 4. Ne2 f5 5. exf5 Bxf5 6. d4 Qd7 7. h3 O-O-O 8.
Be3 d5 9. Nbc3 Nb4 10. Rc1 c5 11. a3 exd4 12. axb4 dxe3 13. Nxd5 exf2+ 14. Kxf2
cxb4 15. c3 Bc5+ 16. Nd4 b3 17. Qxb3 Be6 18. Qc4 Qf7+ 19. Kg1 Qc7 20. Kh2 Bxd5
21. Bxd5 Bxd4 22. cxd4 Qxc4 23. Rxc4+ Kb8 24. Re1 Nf6 25. Bf3 Rd7 26. g4 Rhd8
27. g5 Nd5 28. Bxd5 Rxd5 29. Re7 R5d7 30. Rxd7 Rxd7 31. Kg3 Rd5 32. h4 b5 33.
Rb4 Kc7 34. Kf3 Kc6 35. Ke4 a5 36. Rb3 b4 37. Rf3 Rd7 38. b3 Re7+ 39. Kd3 Re1
40. Rf7 Rh1 41. Rxg7 Rh3+ 42. Ke4 a4 43. bxa4 b3 44. d5+ Kb6 45. a5+ Kxa5 46.
Rxh7 b2 47. Rb7 Rxh4+ 48. Kd3 Rg4 49. Rxb2 Rxg5 50. Kc4 Ka6 51. Kc5 Rg6 52. d6
Rg1 53. d7 Rd1 54. Kc6 1-0

[Event "Paris ch 2005"]
[Site "Paris FRA"]
[Date "2005.07.16"]
[Round "8.25"]
[White "Onkoud, Abdelaziz"]
[Black "Doucet, Christian"]
[Result "0-1"]
[WhiteElo "2361"]
[BlackElo "2277"]
[PlyCount "96"]
[EventDate "2005.07.09"]
[EventType "swiss"]
[EventRounds "9"]
[EventCountry "FRA"]
[Source "lmi"]
[SourceDate "2005.07.17"]

1. d4 Nf6 2. c4 e6 3. Nf3 b6 4. a3 Ba6 5. Qc2 Bb7 6. Nc3 c5 7. dxc5 bxc5 8. e3
Be7 9. Be2 O-O 10. O-O Nc6 11. b3 Qb6 12. Na4 Qc7 13. Bb2 Rab8 14. Rfd1 Rfd8
15. Rab1 Na5 16. Ng5 h6 17. Bxf6 Bxf6 18. Qh7+ Kf8 19. Nxf7 Kxf7 20. b4 cxb4
21. axb4 Nxc4 22. Nc5 Ne5 23. f4 Qc6 24. Bh5+ Ke7 25. Rb2 Nf7 26. Rbd2 d6 27.
Bf3 Qb6 28. Nxb7 Rxb7 29. Bxb7 Qxb7 30. Qb1 d5 31. f5 Nd6 32. fxe6 Ne4 33. Rd3
Nc3 34. Rxc3 Bxc3 35. Qg6 Rf8 36. Qd3 Be5 37. b5 Kxe6 38. e4 Qb6+ 39. Kh1 d4
40. Rc1 Ke7 41. Qc4 Qf6 42. b6 axb6 43. Ra1 Qf4 44. g3 Qxe4+ 45. Kg1 Rd8 46.
Rf1 Bf6 47. Qb4+ Kf7 48. Qxb6 Qd5 0-1

[Event "Paris ch 2005"]
[Site "Paris FRA"]
[Date "2005.07.16"]
[Round "8.26"]
[White "Salaun, Yann"]
[Black "Greiff, Hakan"]
[Result "0-1"]
[WhiteElo "2345"]
[BlackElo "2244"]
[PlyCount "62"]
[EventDate "2005.07.09"]
[EventType "swiss"]
[EventRounds "9"]
[EventCountry "FRA"]
[Source "lmi"]
[SourceDate "2005.07.17"]

1. d4 d5 2. c4 e6 3. cxd5 exd5 4. Nc3 Nf6 5. Bg5 c6 6. e3 Be7 7. Bd3 Nbd7 8.
Nge2 O-O 9. O-O Re8 10. Qc2 Nf8 11. Bxf6 Bxf6 12. b4 Be7 13. b5 Bd6 14. Rfc1
Re6 15. g3 Rh6 16. Bf5 Ba3 17. Rd1 g6 18. Bxc8 Qxc8 19. h4 Qg4 20. bxc6 bxc6
21. Qa4 Bb2 22. Qxc6 Rc8 23. Qxd5 Bxc3 24. f3 Qh3 25. Qg5 Bxa1 26. Nf4 Ne6 27.
Nxh3 Nxg5 28. Nxg5 Bb2 29. f4 Rc1 30. Rxc1 Bxc1 31. Kf2 Rh5 0-1

[Event "Paris ch 2005"]
[Site "Paris FRA"]
[Date "2005.07.16"]
[Round "8.27"]
[White "Pira, Davoud"]
[Black "Becker, Martin"]
[Result "0-1"]
[WhiteElo "2385"]
[BlackElo "2310"]
[PlyCount "60"]
[EventDate "2005.07.09"]
[EventType "swiss"]
[EventRounds "9"]
[EventCountry "FRA"]
[Source "lmi"]
[SourceDate "2005.07.17"]

1. c4 e6 2. Nf3 d5 3. e3 Nf6 4. b3 Be7 5. Bb2 O-O 6. d4 c5 7. Nbd2 Nc6 8. Bd3
b6 9. O-O Bb7 10. Rc1 Rc8 11. Qe2 Rc7 12. Rfd1 Qc8 13. dxc5 bxc5 14. cxd5 Nxd5
15. Nc4 Ndb4 16. Bb1 Ba6 17. a3 Nd5 18. Qc2 g6 19. e4 Nb6 20. Nd6 Bxd6 21. Rxd6
c4 22. Qc3 f6 23. Ng5 Rd7 24. Rcd1 Rxd6 25. Rxd6 Nd8 26. Bc2 cxb3 27. Rxd8 Qxc3
28. Rxf8+ Kxf8 29. Bxc3 bxc2 30. Nxh7+ Kg7 0-1

[Event "Paris ch 2005"]
[Site "Paris FRA"]
[Date "2005.07.16"]
[Round "8.28"]
[White "Schlawin, Marlon"]
[Black "Ak Hirawan, Mohd Omar"]
[Result "0-1"]
[WhiteElo "2302"]
[BlackElo "2364"]
[PlyCount "80"]
[EventDate "2005.07.09"]
[EventType "swiss"]
[EventRounds "9"]
[EventCountry "FRA"]
[Source "lmi"]
[SourceDate "2005.07.17"]

1. e4 c5 2. Nf3 Nc6 3. Bb5 g6 4. Bxc6 dxc6 5. h3 Bg7 6. d3 e5 7. Be3 Qe7 8. Qd2
h6 9. Qc3 b6 10. b4 f5 11. bxc5 b5 12. a4 Nf6 13. Nh4 Nxe4 14. Nxg6 Qf6 15.
dxe4 Qxg6 16. O-O f4 17. Bd2 Qxe4 18. Re1 Qf5 19. axb5 O-O 20. Ra4 cxb5 21.
Qb3+ Be6 22. Qxb5 f3 23. g4 Qxc2 24. Qc6 Qb3 25. Ra3 Qd5 26. Qxd5 Bxd5 27. Nc3
Bc4 28. Ne4 a6 29. Nd6 Be2 30. Rc1 Rfd8 31. Ba5 Rd7 32. Nf5 Bf8 33. Rb3 Rc8 34.
c6 Rd5 35. c7 Bb5 36. Rxf3 e4 37. Rb3 Bd7 38. Bb4 Rb5 39. Ne7+ Bxe7 40. Bxe7
Rxb3 0-1

[Event "Paris ch 2005"]
[Site "Paris FRA"]
[Date "2005.07.16"]
[Round "8.29"]
[White "Demarre, Jacques"]
[Black "Elbilia, Jacques"]
[Result "0-1"]
[WhiteElo "2221"]
[BlackElo "2336"]
[PlyCount "70"]
[EventDate "2005.07.09"]
[EventType "swiss"]
[EventRounds "9"]
[EventCountry "FRA"]
[Source "lmi"]
[SourceDate "2005.07.17"]

1. e4 d6 2. d4 Nf6 3. Bd3 e5 4. c3 Nc6 5. Nf3 Be7 6. O-O O-O 7. Re1 Bg4 8. d5
Nb8 9. h3 Bc8 10. c4 Ne8 11. c5 g6 12. Bh6 Ng7 13. Nc3 f5 14. Rc1 f4 15. cxd6
cxd6 16. Nb5 Na6 17. Re2 Bd7 18. Rec2 Nb4 19. Rc7 Nxa2 20. Rxd7 Qxd7 21. Rc7
Qd8 22. Bxg7 a6 23. Bxf8 Bxf8 24. Nc3 Qxc7 25. Nxa2 Be7 26. Nd2 h5 27. b4 Bd8
28. Qa4 Kf7 29. Qb3 b5 30. Qa3 Qa7 31. Nb3 Bb6 32. Qb2 Rc8 33. Qd2 Kf8 34. Bf1
g5 35. Bd3 g4 0-1

[Event "Paris ch 2005"]
[Site "Paris FRA"]
[Date "2005.07.16"]
[Round "8.30"]
[White "Guadalpi, David"]
[Black "Le Quang, Kim"]
[Result "1-0"]
[WhiteElo "2300"]
[BlackElo "2330"]
[PlyCount "156"]
[EventDate "2005.07.09"]
[EventType "swiss"]
[EventRounds "9"]
[EventCountry "FRA"]
[Source "lmi"]
[SourceDate "2005.07.17"]

1. e4 c5 2. Nf3 d6 3. Bb5+ Bd7 4. Bxd7+ Qxd7 5. c4 Nc6 6. Nc3 g6 7. d4 cxd4 8.
Nxd4 Bg7 9. Nde2 Nf6 10. f3 O-O 11. O-O a6 12. a4 Qd8 13. Be3 Qa5 14. Rb1 Rfc8
15. Kh1 Nd7 16. Qd2 Qd8 17. b3 Rab8 18. Rfd1 Qf8 19. Nd5 b6 20. Rdc1 Nce5 21.
Bg5 f6 22. Be3 Qf7 23. Nd4 Nc5 24. Rc2 e6 25. Nc3 f5 26. exf5 gxf5 27. Nde2
Nxb3 28. Rxb3 Nxc4 29. Qd3 e5 30. Bg1 e4 31. Qd5 exf3 32. gxf3 Ne5 33. Nd4 f4
34. Rg2 Ng6 35. Qxf7+ Kxf7 36. Ne4 Be5 37. Rd2 Nh4 38. Ne2 Rc6 39. Bd4 Rbc8 40.
Bxe5 Rc1+ 41. Ng1 Rg8 42. Bd4 Nf5 43. Bf2 Ke7 44. Rxb6 Rg6 45. Rb3 Ne3 46. Re2
d5 47. Nc3 Kd7 48. Rxe3 fxe3 49. Bxe3 Rc2 50. Nxd5 Rgg2 51. Bf4 Rgf2 52. Nf6+
Ke6 53. Ne4 Rf1 54. Rb6+ Kd7 55. Rxa6 Ra2 56. Nd2 Rfa1 57. Ra7+ Ke6 58. Rxh7
Rxa4 59. Ne4 Kf5 60. Rf7+ Kg6 61. Rf6+ Kh7 62. Be5 Rc1 63. Kg2 Ra2+ 64. Nf2
Rcc2 65. Ngh3 Re2 66. f4 Rac2 67. Kf3 Re1 68. Ng5+ Kg8 69. Rh6 Kf8 70. Rh7 Rf1
71. Nge4 Ra2 72. f5 Ra5 73. Kf4 Ra4 74. Kg5 Rg1+ 75. Bg3 Ke8 76. f6 Ra5+ 77.
Kg6 Ra6 78. Rh8+ Kd7 1-0

[Event "Paris ch 2005"]
[Site "Paris FRA"]
[Date "2005.07.16"]
[Round "8.31"]
[White "Zozulia, Anna"]
[Black "Houhou, Olivier"]
[Result "1-0"]
[WhiteElo "2314"]
[BlackElo "2253"]
[PlyCount "67"]
[EventDate "2005.07.09"]
[EventType "swiss"]
[EventRounds "9"]
[EventCountry "FRA"]
[Source "lmi"]
[SourceDate "2005.07.17"]

1. e4 c5 2. Nf3 e6 3. d4 cxd4 4. Nxd4 a6 5. Bd3 Qc7 6. O-O Nc6 7. Be3 Nf6 8.
Kh1 e5 9. Nb3 d5 10. f3 Be7 11. Bg5 dxe4 12. fxe4 Ng4 13. Bd2 Be6 14. Nc3 Nf6
15. Be3 Nb4 16. Na4 Nd7 17. a3 Nxd3 18. cxd3 b6 19. Rc1 Qb7 20. Nxb6 Nxb6 21.
Na5 Qb8 22. d4 Bd7 23. dxe5 Qxe5 24. Bxb6 O-O 25. Qxd7 Bd6 26. Bg1 Rad8 27. Qf5
Qxb2 28. Nc4 Qa2 29. Nxd6 Rxd6 30. Bc5 Rf6 31. Qd5 Qb2 32. Bxf8 Rg6 33. Qxf7+
Kh8 34. Bxg7+ 1-0

[Event "Paris ch 2005"]
[Site "Paris FRA"]
[Date "2005.07.16"]
[Round "8.32"]
[White "Bakhmatov, Eduard"]
[Black "Gonzalez Diaz, Julio"]
[Result "1-0"]
[WhiteElo "2373"]
[BlackElo "2237"]
[PlyCount "71"]
[EventDate "2005.07.09"]
[EventType "swiss"]
[EventRounds "9"]
[EventCountry "FRA"]
[Source "lmi"]
[SourceDate "2005.07.17"]

1. e4 d6 2. d4 g6 3. Nc3 Bg7 4. Bc4 Nf6 5. Qe2 e5 6. Nf3 Nbd7 7. dxe5 Nxe5 8.
Nxe5 dxe5 9. Bg5 c6 10. Rd1 Qe7 11. O-O Be6 12. Bxe6 Qxe6 13. Rd3 h6 14. Bh4 g5
15. Bg3 Bf8 16. Rfd1 Be7 17. Nd5 O-O-O 18. c4 Bd6 19. Nxf6 Qxf6 20. Qg4+ Kb8
21. Qf5 Qxf5 22. exf5 Bc7 23. Rxd8+ Rxd8 24. Rxd8+ Bxd8 25. Bxe5+ Kc8 26. g4 f6
27. Bd6 Kd7 28. Bf8 Ke8 29. Bxh6 Bc7 30. h4 Bf4 31. hxg5 fxg5 32. Bg7 Kf7 33.
Bd4 Bb8 34. Kg2 b5 35. cxb5 cxb5 36. Kf3 1-0

[Event "Paris ch 2005"]
[Site "Paris FRA"]
[Date "2005.07.16"]
[Round "8.33"]
[White "Leroux, Richard"]
[Black "Simon, Olivier"]
[Result "0-1"]
[WhiteElo "2200"]
[BlackElo "2315"]
[PlyCount "64"]
[EventDate "2005.07.09"]
[EventType "swiss"]
[EventRounds "9"]
[EventCountry "FRA"]
[Source "lmi"]
[SourceDate "2005.07.17"]

1. d4 Nf6 2. c4 g6 3. Nc3 Bg7 4. e4 d6 5. Nf3 O-O 6. Be2 e5 7. O-O Nc6 8. d5
Ne7 9. b4 c6 10. dxc6 bxc6 11. Qd3 d5 12. cxd5 cxd5 13. Rd1 Bb7 14. Bg5 dxe4
15. Qxd8 Raxd8 16. Rxd8 Rxd8 17. Nxe5 h6 18. Bh4 Nf5 19. Bg3 Nxg3 20. Bc4 Nd5
21. Rd1 Bxe5 22. Nxd5 Ne2+ 23. Kf1 Nd4 24. Ne3 h5 25. a4 Kg7 26. b5 f5 27. a5
Rc8 28. a6 Ba8 29. Ba2 Bf6 30. Nc4 Nxb5 31. Rd7+ Kh6 32. Rf7 Bd5 0-1

[Event "Paris ch 2005"]
[Site "Paris FRA"]
[Date "2005.07.16"]
[Round "8.34"]
[White "Morelle, Ludovic"]
[Black "Leconte, Maria"]
[Result "1/2-1/2"]
[WhiteElo "2232"]
[BlackElo "2296"]
[PlyCount "58"]
[EventDate "2005.07.09"]
[EventType "swiss"]
[EventRounds "9"]
[EventCountry "FRA"]
[Source "lmi"]
[SourceDate "2005.07.17"]

1. e4 c5 2. c3 e6 3. d4 d5 4. exd5 exd5 5. Nf3 Nc6 6. Be2 Bd6 7. O-O Nge7 8.
dxc5 Bxc5 9. Nbd2 O-O 10. Nb3 Bd6 11. Nbd4 Ng6 12. Re1 Re8 13. Be3 a6 14. Bd3
Bg4 15. Bf5 Nge5 16. Bxg4 Nxg4 17. Nf5 Bc7 18. h3 Nxe3 19. Nxe3 Qd6 20. Nf5
Rxe1+ 21. Qxe1 Qd7 22. N5d4 Re8 23. Qd2 Na5 24. b3 h6 25. Qd3 Re4 26. Kf1 Nc6
27. Nxc6 Qxc6 28. Nd4 Qg6 29. Nf3 Qc6 1/2-1/2

[Event "Paris ch 2005"]
[Site "Paris FRA"]
[Date "2005.07.16"]
[Round "8.35"]
[White "Peyrat, Olivier"]
[Black "Lamorelle, Julien"]
[Result "1-0"]
[WhiteElo "2265"]
[BlackElo "2202"]
[PlyCount "79"]
[EventDate "2005.07.09"]
[EventType "swiss"]
[EventRounds "9"]
[EventCountry "FRA"]
[Source "lmi"]
[SourceDate "2005.07.17"]

1. Nf3 Nf6 2. g3 g6 3. b4 Bg7 4. Bb2 O-O 5. Bg2 d5 6. O-O c6 7. d3 a5 8. a3
axb4 9. axb4 Rxa1 10. Bxa1 Qb6 11. c3 Nbd7 12. Nbd2 e5 13. Qc2 Bh6 14. e4 Rd8
15. Re1 Ng4 16. Nb3 dxe4 17. Rxe4 Ndf6 18. Re1 Rxd3 19. Nc5 e4 20. Nxd3 exd3
21. Qxd3 Qxf2+ 22. Kh1 Be3 23. Re2 Kg7 24. c4 Bf5 25. Qxe3 Qxe3 26. Rxe3 Nxe3
27. Ne5 Nxg2 28. Kxg2 g5 29. Kf3 Be6 30. Ke3 Kf8 31. Kd4 Ke7 32. Bc3 Kd6 33.
Bd2 h6 34. h4 gxh4 35. gxh4 h5 36. Bf4 Ke7 37. Bg5 Bh3 38. Nd3 Bf1 39. Nc5 Bg2
40. Ke5 1-0

[Event "Paris ch 2005"]
[Site "Paris FRA"]
[Date "2005.07.16"]
[Round "8.36"]
[White "Verdier, Patrice"]
[Black "Zharkov, Hleb"]
[Result "1-0"]
[WhiteElo "2252"]
[BlackElo "2219"]
[PlyCount "61"]
[EventDate "2005.07.09"]
[EventType "swiss"]
[EventRounds "9"]
[EventCountry "FRA"]
[Source "lmi"]
[SourceDate "2005.07.17"]

1. d4 d5 2. c4 c6 3. Nf3 Nf6 4. e3 e6 5. Nbd2 c5 6. cxd5 exd5 7. b3 Nc6 8. Bb2
Bg4 9. Be2 Bd6 10. O-O O-O 11. Rc1 b6 12. Ne5 Bxe2 13. Qxe2 Bxe5 14. dxe5 Ne4
15. Nxe4 dxe4 16. Qg4 Qd2 17. Bc3 Qxa2 18. Qxe4 Ne7 19. f4 Qxb3 20. f5 b5 21.
Qh4 b4 22. Qxe7 bxc3 23. Qxc5 Rac8 24. Qd4 Rfd8 25. Qf4 h6 26. h4 c2 27. f6 Rd1
28. Qg4 Qxe3+ 29. Kh1 g5 30. Qxc8+ Kh7 31. Qxc2+ 1-0

[Event "Paris ch 2005"]
[Site "Paris FRA"]
[Date "2005.07.16"]
[Round "8.40"]
[White "Vasilescu, Victor"]
[Black "Lepan, Marvin"]
[Result "1-0"]
[WhiteElo "2208"]
[BlackElo "2217"]
[PlyCount "99"]
[EventDate "2005.07.09"]
[EventType "swiss"]
[EventRounds "9"]
[EventCountry "FRA"]
[Source "lmi"]
[SourceDate "2005.07.17"]

1. e4 c5 2. Nf3 d6 3. d4 cxd4 4. Nxd4 Nf6 5. Nc3 a6 6. f3 e5 7. Nb3 Be6 8. Be3
Be7 9. Qd2 O-O 10. O-O-O b5 11. g4 Nbd7 12. g5 Nh5 13. Kb1 Nb6 14. Nd5 Nxd5 15.
exd5 Bd7 16. Na5 Rc8 17. Rg1 Qc7 18. Bd3 b4 19. Qxb4 Rb8 20. Qd2 Bd8 21. Nb3 a5
22. c4 a4 23. Nc1 Kh8 24. Ne2 f5 25. Rc1 f4 26. Bf2 Qb7 27. Nc3 Ba5 28. Qc2
Bxc3 29. Qxc3 Rfc8 30. Rc2 Rc7 31. Qa3 Qc8 32. Qxd6 Rcb7 33. Qxe5 a3 34. b3 Ba4
35. Rc3 Bxb3 36. axb3 Rxb3+ 37. Ka1 Rb2 38. Qe4 Qg8 39. Rc2 R2b3 40. Qd4 a2 41.
Rxa2 Ra8 42. Be4 Rb4 43. Bb1 Raa4 44. Rc1 Qa8 45. Qe4 Rxa2+ 46. Bxa2 Rb8 47. c5
Qa3 48. Rc2 Qa6 49. Qc4 Qa5 50. d6 1-0

[Event "Paris ch 2005"]
[Site "Paris FRA"]
[Date "2005.07.16"]
[Round "8.41"]
[White "Broca, Alexandre"]
[Black "Larrat, Philippe"]
[Result "1-0"]
[WhiteElo "2166"]
[BlackElo "2195"]
[PlyCount "69"]
[EventDate "2005.07.09"]
[EventType "swiss"]
[EventRounds "9"]
[EventCountry "FRA"]
[Source "lmi"]
[SourceDate "2005.07.17"]

1. c4 c5 2. Nc3 g6 3. g3 Bg7 4. Bg2 Nc6 5. e4 e5 6. d3 Nge7 7. f4 d6 8. Nf3 Nd4
9. O-O Bg4 10. fxe5 dxe5 11. Be3 Qd7 12. Qd2 f6 13. Nd5 h5 14. b4 Nxd5 15. exd5
Bxf3 16. Bxf3 cxb4 17. Bxd4 exd4 18. Rae1+ Kf7 19. d6 Bh6 20. Bd5+ Kg7 21. Qf2
Be3 22. Rxe3 dxe3 23. Qxf6+ Kh7 24. Bf7 Qg4 25. Qe7 Qd4 26. Bxg6+ Kh6 27. Rf4
Qa1+ 28. Kg2 Qb2+ 29. Kh3 Qg7 30. Qxe3 Kxg6 31. Qe6+ Kh7 32. Rf7 Raf8 33. Qe4+
Kg8 34. Rxg7+ Kxg7 35. Qxb7+ 1-0

[Event "Paris ch 2005"]
[Site "Paris FRA"]
[Date "2005.07.17"]
[Round "9.2"]
[White "David, Alberto"]
[Black "Vijayalakshmi, Subbaraman"]
[Result "1/2-1/2"]
[WhiteElo "2579"]
[BlackElo "2414"]
[PlyCount "41"]
[EventDate "2005.07.09"]
[EventType "swiss"]
[EventRounds "9"]
[EventCountry "FRA"]
[Source "lmi"]
[SourceDate "2005.07.17"]

1. e4 e5 2. Nf3 Nc6 3. Bb5 a6 4. Ba4 Nf6 5. O-O Be7 6. Re1 b5 7. Bb3 d6 8. c3
O-O 9. h3 Nb8 10. d4 Nbd7 11. Nbd2 Bb7 12. Bc2 c5 13. Nf1 Re8 14. Ng3 Bf8 15.
d5 g6 16. Bg5 Qc7 17. Qd2 Reb8 18. Nh2 Kh8 19. f4 exf4 20. Qxf4 Bg7 21. Rf1
1/2-1/2

[Event "Paris ch 2005"]
[Site "Paris FRA"]
[Date "2005.07.17"]
[Round "9.3"]
[White "Yakovich, Yuri"]
[Black "Sadvakasov, Darmen"]
[Result "1/2-1/2"]
[WhiteElo "2560"]
[BlackElo "2610"]
[PlyCount "77"]
[EventDate "2005.07.09"]
[EventType "swiss"]
[EventRounds "9"]
[EventCountry "FRA"]
[Source "lmi"]
[SourceDate "2005.07.17"]

1. d4 Nf6 2. c4 e6 3. Nc3 Bb4 4. Qc2 d5 5. cxd5 Qxd5 6. Nf3 Qf5 7. Qxf5 exf5 8.
a3 Be7 9. Bg5 Nbd7 10. e3 Nb6 11. Be2 Be6 12. O-O Nfd5 13. Bxe7 Kxe7 14. Rfc1
Rhc8 15. Ne5 a5 16. Nd3 Nxc3 17. Rxc3 Nd5 18. Rc2 c6 19. Rac1 Ra7 20. Bf3 g6
21. h3 h5 22. Bxd5 Bxd5 23. Nf4 Rd8 24. b4 axb4 25. axb4 h4 26. Rc5 b6 27.
Nxd5+ cxd5 28. Rc6 Rd6 29. b5 Rxc6 30. Rxc6 Ra1+ 31. Kh2 Ra2 32. Kg1 Ra1+ 33.
Kh2 Ra2 34. f3 Ra3 35. Rxb6 Rxe3 36. Rb7+ Ke6 37. Rb6+ Ke7 38. Rb7+ Ke6 39.
Rb6+ 1/2-1/2

[Event "Paris ch 2005"]
[Site "Paris FRA"]
[Date "2005.07.17"]
[Round "9.4"]
[White "Landa, Konstantin"]
[Black "Moradiabadi, Elshan"]
[Result "1/2-1/2"]
[WhiteElo "2609"]
[BlackElo "2485"]
[PlyCount "97"]
[EventDate "2005.07.09"]
[EventType "swiss"]
[EventRounds "9"]
[EventCountry "FRA"]
[Source "lmi"]
[SourceDate "2005.07.17"]

1. e4 e5 2. Nf3 Nc6 3. Bb5 Nf6 4. O-O Nxe4 5. d4 Nd6 6. Bxc6 dxc6 7. dxe5 Nf5
8. Qxd8+ Kxd8 9. Nc3 Bd7 10. h3 h6 11. b3 a5 12. Bb2 Ne7 13. Rad1 Ng6 14. Rd2
Ke8 15. Rfd1 Be6 16. Nd4 Be7 17. Nxe6 fxe6 18. Rd7 Rc8 19. Ne4 Rf8 20. g3 Rf7
21. c4 b6 22. c5 b5 23. a4 Rf3 24. R7d3 Rxd3 25. Rxd3 Bf8 26. Bc3 Ra8 27. h4
Ne7 28. h5 Nd5 29. Bd2 bxa4 30. bxa4 Rb8 31. Rd4 Rb1+ 32. Kg2 Nb4 33. Kf3 Rb3+
34. Kg4 Be7 35. f4 Kf7 36. Rc4 Ra3 37. Rd4 Rb3 38. Kh3 Ke8 39. Kg2 Rb2 40. Kf3
Rb3+ 41. Ke2 Rb2 42. g4 Ra2 43. f5 exf5 44. gxf5 Rxa4 45. Bxb4 axb4 46. Kf3 Ra5
47. Rxb4 Bxc5 48. Nxc5 Rxc5 49. Ke4 1/2-1/2

[Event "Paris ch 2005"]
[Site "Paris FRA"]
[Date "2005.07.17"]
[Round "9.6"]
[White "Malakhatko, Vadim"]
[Black "Bagheri, Amir"]
[Result "1/2-1/2"]
[WhiteElo "2556"]
[BlackElo "2537"]
[PlyCount "28"]
[EventDate "2005.07.09"]
[EventType "swiss"]
[EventRounds "9"]
[EventCountry "FRA"]
[Source "lmi"]
[SourceDate "2005.07.17"]

1. d4 Nf6 2. c4 e6 3. Nf3 Bb4+ 4. Nbd2 b6 5. a3 Bxd2+ 6. Bxd2 Bb7 7. Bg5 d6 8.
e3 Nbd7 9. Bh4 Qe7 10. Be2 c5 11. O-O O-O 12. b4 Rfd8 13. Qb3 Rac8 14. Rfd1 Nf8
1/2-1/2